| 000 | 00653nam a22001937a 4500 | ||
|---|---|---|---|
| 003 | BD-DhUL | ||
| 005 | 20170517172928.0 | ||
| 008 | 170517s2001 bg a|||| |||| 00| 0 eng | | ||
| 020 | _a9848193221 | ||
| 040 |
_aBD-DhUL _cBD-DhUL |
||
| 082 |
_a891.442 _bSAM |
||
| 100 | 1 | _aসরকার, আতা । | |
| 245 | 1 | 0 |
_aমঞ্চ কলাম : _cআতা সরকার । _bসকলি নাটক ভেল / |
| 260 |
_aঢাকা : _bএ্যাডর্ন , _c২০০১ । |
||
| 300 |
_a ১৫২পৃ. ; _c২২ সেমি । |
||
| 650 | 0 | _aবাংলা নাটক । | |
| 650 | 0 | _aBangla natok. | |
| 942 |
_2ddc _cBK |
||
| 999 |
_c198945 _d198945 |
||